[Event "Nordic Chess-ch 2019"]
[Site "Sarpsborg"]
[Date "2019.06.25"]
[Round "7.40"]
[White "Lunde, Sigmund"]
[Black "Stubrud, Jan Magne"]
[Result "1-0"]
[WhiteElo "1834"]
[BlackElo "1681"]
[Annotator "NA"]
[PlyCount "109"]
[EventDate "2019.06.21"]
[EventType "swiss"]
[EventCountry "NOR"]
[SourceTitle "playchess.com"]
[Source "ChessBase"]
[SourceQuality "1"]
[TimeControl "40/5400+30:1800+30"]

1. e4 {[%emt 0:00:08]} e6 {[%emt 0:00:00]} 2. d4 {[%emt 0:02:52]} d5 {[%emt 0:00:00]} 3. Nd2 {[%emt 0:04:10]} c5 {[%emt 0:02:03]} 4. Ngf3 {[%emt 0:03:53]} Nf6 {[%emt 0:04:01]} 5. e5 {[%emt 0:04:19]} Nfd7 {[%emt 0:01:32]} 6. Nb3 {[%emt 0:05:13]} Nc6 {[%emt 0:05:26]} 7. Bf4 {[%emt 0:09:46]} Qb6 {[%emt 0:01:57]} 8. dxc5 {[%emt 0:09:16]} Bxc5 {[%emt 0:02:43]} 9. Nxc5 {[%emt 0:06:38]} Nxc5 {[%emt 0:01:20]} 10. Qc1 {[%emt 0:48:45]} O-O {[%emt 0:11:51]} 11. c3 {[%emt 0:00:00]} Ne4 {[%emt 0:06:49]} 12. Bg3 {[%emt 0:00:00]} f6 {[%emt 0:00:59]} 13. Bd3 {[%emt 0:00:00]} Bd7 {[%emt 0:14:20]} 14. Qc2 {[%emt 0:00:00]} f5 {[%emt 0:04:30]} 15. Bf4 {[%emt 0:00:00]} Rac8 {[%emt 0:01:04]} 16. a3 {[%emt 0:00:00]} Na5 {[%emt 0:04:56]} 17. O-O {[%emt 0:00:00]} Qd8 {[%emt 0:05:29]} 18. Be3 {[%emt 0:00:00]} b6 {[%emt 0:04:30]} 19. Rad1 {[%emt 0:00:15]} Qe8 {[%emt 0:01:07]} 20. Rde1 {[%emt 0:00:36]} Qh5 {[%emt 0:03:56]} 21. Bxe4 {[%emt 0:00:43]} fxe4 {[%emt 0:01:44]} 22. Nd4 {[%emt 0:00:10]} Qxe5 {[%emt 0:01:33]} 23. f4 {[%emt 0:00:39]} exf3 {[%emt 0:02:38]} 24. Nxf3 {[%emt 0:00:16]} Qf5 {[%emt 0:03:05]} 25. Qe2 {[%emt 0:00:32]} Nc4 {[%emt 0:02:07]} 26. Bc1 {[%emt 0:00:30]} Qh5 {[%emt 0:01:23]} 27. Qd3 {[%emt 0:01:19]} Nd6 {[%emt 0:02:10]} 28. Re5 {[%emt 0:01:11]} Qf7 {[%emt 0:01:51]} 29. Qd4 {[%emt 0:01:11]} Rc4 {[%emt 0:00:43]} 30. Qd2 {[%emt 0:01:06]} Rf4 {[%emt 0:01:51]} 31. Qxf4 {[%emt 0:00:15]} Qxf4 {[%emt 0:00:32]} 32. Bxf4 {[%emt 0:00:05]} Rxf4 {[%emt 0:00:17]} 33. Nd4 {[%emt 0:00:06]} Rxf1+ {[%emt 0:01:17]} 34. Kxf1 {[%emt 0:00:11]} Nc4 {[%emt 0:00:07]} 35. Re2 {[%emt 0:00:15]} Kf7 {[%emt 0:00:36]} 36. Ke1 {[%emt 0:00:50]} e5 {[%emt 0:01:50]} 37. Rf2+ {[%emt 0:01:15]} Kg6 {[%emt 0:02:13]} 38. Nf3 {[%emt 0:00:20]} Kf5 {[%emt 0:01:33]} 39. Nd2+ {[%emt 0:00:26]} Ke6 {[%emt 0:00:20]} 40. Nxc4 {[%emt 0:00:13]} dxc4 {[%emt 0:00:08]} 41. Kd2 {[%emt 0:30:33]} Bc6 {[%emt 0:30:48]} 42. g3 {[%emt 0:00:59]} b5 {[%emt 0:03:00]} 43. Rf8 {[%emt 0:00:59]} a6 {[%emt 0:00:00]} 44. Rc8 {[%emt 0:00:00]} Bd5 {[%emt 0:00:00]} 45. Rc7 {[%emt 0:00:00]} g6 {[%emt 0:00:00]} 46. Ra7 {[%emt 0:00:00]} Kf5 {[%emt 0:00:00]} 47. Rxa6 {[%emt 0:00:00]} Kg4 {[%emt 0:00:00]} 48. Rb6 {[%emt 0:00:00]} e4 {[%emt 0:00:00]} 49. Rxb5 {[%emt 0:00:00]} Be6 {[%emt 0:00:00]} 50. Re5 {[%emt 0:00:00]} Bf5 {[%emt 0:00:00]} 51. a4 {[%emt 0:00:00]} Kh3 {[%emt 0:00:00]} 52. a5 {[%emt 0:00:00]} Bc8 {[%emt 0:00:00]} 53. Rxe4 {[%emt 0:00:00]} Ba6 {[%emt 0:00:00]} 54. Rh4+ {[%emt 0:00:00]} Kg2 {[%emt 0:00:00]} 55. Rxh7 {[%emt 0:00:00]} 1-0

[Event "Nordic Chess-ch 2019"]
[Site "Sarpsborg"]
[Date "2019.06.25"]
[Round "7.41"]
[White "Sather, Lars"]
[Black "Heikkila, Raine"]
[Result "1/2-1/2"]
[WhiteElo "1730"]
[BlackElo "1663"]
[Annotator "NA"]
[PlyCount "118"]
[EventDate "2019.06.21"]
[EventType "swiss"]
[EventCountry "NOR"]
[SourceTitle "playchess.com"]
[Source "ChessBase"]
[SourceQuality "1"]
[TimeControl "40/5400+30:1800+30"]

1. d4 {[%emt 0:00:00]} d5 {[%emt 0:00:00]} 2. c4 {[%emt 0:00:00]} Nf6 {[%emt 0:00:00]} 3. Nc3 {[%emt 0:00:00]} Nc6 {[%emt 0:00:44]} 4. Nf3 {[%emt 0:00:58]} Bg4 {[%emt 0:00:12]} 5. e3 {[%emt 0:00:38]} a6 {[%emt 0:00:20]} 6. h3 {[%emt 0:00:10]} Bh5 {[%emt 0:00:14]} 7. c5 {[%emt 0:02:04]} h6 {[%emt 0:00:13]} 8. Be2 {[%emt 0:00:10]} e6 {[%emt 0:00:26]} 9. O-O {[%emt 0:01:08]} Be7 {[%emt 0:00:07]} 10. b3 {[%emt 0:02:35]} O-O {[%emt 0:00:10]} 11. Bb2 {[%emt 0:00:37]} Bg6 {[%emt 0:00:23]} 12. Nd2 {[%emt 0:00:44]} Qe8 {[%emt 0:00:30]} 13. f3 {[%emt 0:00:33]} Nb4 {[%emt 0:00:23]} 14. e4 {[%emt 0:02:27]} Nh5 {[%emt 0:00:58]} 15. a3 {[%emt 0:00:47]} Nc6 {[%emt 0:00:25]} 16. Ndb1 {[%emt 0:02:51]} Ng3 {[%emt 0:00:21]} 17. Re1 {[%emt 0:01:24]} Nxe2+ {[%emt 1:33:04]} 18. Rxe2 {[%emt 1:21:54]} Qd7 {[%emt 0:00:00]} 19. exd5 {[%emt 0:00:00]} exd5 {[%emt 0:00:00]} 20. Na2 {[%emt 0:00:00]} Bf6 {[%emt 0:00:00]} 21. Nb4 {[%emt 0:00:00]} Rae8 {[%emt 0:00:00]} 22. Nxc6 {[%emt 0:00:00]} Rxe2 {[%emt 0:00:00]} 23. Qxe2 {[%emt 0:00:00]} Qxc6 {[%emt 0:00:00]} 24. Qf2 {[%emt 0:00:00]} Re8 {[%emt 0:00:00]} 25. Nc3 {[%emt 0:00:00]} Qe6 {[%emt 0:00:00]} 26. b4 {[%emt 0:00:00]} c6 {[%emt 0:00:00]} 27. Rd1 {[%emt 0:00:00]} Qe7 {[%emt 0:00:00]} 28. a4 {[%emt 0:00:00]} Qe3 {[%emt 0:00:00]} 29. Qxe3 {[%emt 0:00:00]} Rxe3 {[%emt 0:00:00]} 30. Kf2 {[%emt 0:00:00]} Rd3 {[%emt 0:00:00]} 31. Rxd3 {[%emt 0:00:00]} Bxd3 {[%emt 0:00:00]} 32. Ke3 {[%emt 0:00:00]} Bf1 {[%emt 0:00:00]} 33. Kf2 {[%emt 0:00:00]} Bc4 {[%emt 0:00:00]} 34. Nb1 {[%emt 0:00:00]} Bb3 {[%emt 0:00:00]} 35. a5 {[%emt 0:00:00]} Bc2 {[%emt 0:00:00]} 36. Nd2 {[%emt 0:00:00]} Bg5 {[%emt 0:00:00]} 37. Nf1 {[%emt 0:00:00]} h5 {[%emt 0:00:00]} 38. Bc3 {[%emt 0:00:00]} Bd3 {[%emt 0:00:00]} 39. Nh2 {[%emt 0:00:00]} Bd8 {[%emt 0:00:00]} 40. Bd2 {[%emt 0:00:00]} Bc7 {[%emt 0:00:00]} 41. g3 {[%emt 0:00:00]} Bf5 {[%emt 0:00:00]} 42. Kg2 {[%emt 0:00:00]} f6 {[%emt 0:00:00]} 43. Nf1 {[%emt 0:00:00]} Bd3 {[%emt 0:00:00]} 44. Ne3 {[%emt 0:00:00]} Kf7 {[%emt 0:00:00]} 45. g4 {[%emt 0:00:45]} hxg4 {[%emt 0:00:00]} 46. hxg4 {[%emt 0:00:56]} Bf4 {[%emt 0:00:00]} 47. Kf2 {[%emt 0:00:26]} g5 {[%emt 0:00:00]} 48. Be1 {[%emt 0:00:54]} Ke6 {[%emt 0:00:00]} 49. Ng2 {[%emt 0:00:31]} Bc7 {[%emt 0:00:00]} 50. Bd2 {[%emt 0:00:29]} Bc2 {[%emt 0:00:00]} 51. Ke2 {[%emt 0:04:39]} Bg6 {[%emt 0:00:00]} 52. f4 {[%emt 0:01:03]} gxf4 {[%emt 0:00:00]} 53. Nxf4+ {[%emt 0:04:10]} Bxf4 {[%emt 0:00:00]} 54. Bxf4 {[%emt 0:00:07]} Be4 {[%emt 0:00:00]} 55. Kf2 {[%emt 0:01:03]} Kf7 {[%emt 0:00:00]} 56. Kg3 {[%emt 0:00:37]} Kg6 {[%emt 0:00:00]} 57. Kh4 {[%emt 0:00:16]} Bd3 {[%emt 0:00:00]} 58. Be3 {[%emt 0:01:46]} Bc2 {[%emt 0:00:00]} 59. Kg3 {[%emt 0:00:28]} Bd3 {[%emt 0:00:00]} 1/2-1/2

[Event "Nordic Chess-ch 2019"]
[Site "Sarpsborg"]
[Date "2019.06.26"]
[Round "8.1"]
[White "Urkedal, Frode Olav Olsen"]
[Black "Westerberg, Jonathan"]
[Result "*"]
[WhiteElo "2525"]
[BlackElo "2545"]
[Annotator "TA"]
[PlyCount "23"]
[EventDate "2019.06.21"]
[EventType "swiss"]
[EventCountry "NOR"]
[SourceTitle "playchess.com"]
[Source "ChessBase"]
[SourceQuality "1"]

{[%evp 9,23,26,34,30,25,25,32,23,12,26,35,33,123,30,93,97]} 1. d4 d5 2. c4 e6 3. Nc3 a6 4. cxd5 exd5 5. Nf3 h6 6. Qb3 {D31: Queen's Gambit Declined: Semi-Slav without ...Nf6 (+ Marshall Gambit and Noteboom) and Exchange Variation lines without ...Nf6} (6. Bf4 Nf6 7. e3 Bd6 8. Bxd6 Qxd6 9. Qc2 O-O 10. Bd3 Re8 11. h3 Be6 12. O-O Nbd7 13. a4 {½-½ (40) Shankland,S (2725)-Carlsen,M (2835) Wijk aan Zee 2019}) 6... Nf6 {[#]} 7. e4 $1 {[%mdl 512]} Nxe4 (7... dxe4 8. Ne5) 8. Qxd5 {White is slightly better.} Qxd5 9. Nxd5 Bd6 10. Bd3 Bf5 $146 {[#]} (10... Nf6 $14 11. Nxf6+ gxf6) ({Predecessor:} 10... Nf6 11. Nxf6+ gxf6 12. O-O Nc6 13. Re1+ Kf8 14. Be3 {½-½ (14) Parligras,M (2614)-Rakhmanov,A (2669) Banja Vrujci 2017}) 11. Ne5 (11. O-O $1 $16) 11... Bh7 (11... Nc6 $11 {keeps the balance.}) 12. Bxh6 *

[Event "Nordic Chess-ch 2019"]
[Site "Sarpsborg"]
[Date "2019.06.26"]
[Round "8.2"]
[White "Hammer, Jon Ludvig"]
[Black "Tryggestad, Andreas Garberg"]
[Result "1-0"]
[WhiteElo "2645"]
[BlackElo "2324"]
[Annotator "TA"]
[PlyCount "89"]
[EventDate "2019.06.21"]
[EventType "swiss"]
[EventCountry "NOR"]
[SourceTitle "playchess.com"]
[Source "ChessBase"]
[SourceQuality "1"]

{[%evp 23,89,27,31,29,38,18,18,18,18,18,15,11,14,21,22,31,39,14,12,0,0,0,16,0,0,0,0,0,0,0,0,0,11,3,23,23,23,23,24,16,23,24,24,17,17,17,17,17,17,22,24,8,24,24,24,24,31,31,252,249,29978,29979,29979,25,29,0,29976,29977]} 1. e4 c5 2. Nf3 e6 3. d4 cxd4 4. Nxd4 Nc6 5. Nc3 Qc7 6. g3 a6 7. Bg2 Nf6 8. O-O Be7 9. Re1 O-O 10. Nxc6 dxc6 11. e5 Rd8 12. Qf3 Nd5 13. h4 {B47: Sicilian: Taimanov: 5 Nc3 Qc7 6 f4, 6 g3 and 6 Be2} b6 14. Bg5 Bxg5 15. hxg5 {The position is equal.} Nxc3 16. Qxc6 Qxc6 17. Bxc6 Rb8 {Strongly threatening ...Nd5.} 18. bxc3 Bb7 19. Bxb7 Rxb7 $11 {[%mdl 4096] [#] Endgame KRR-KRR} 20. Rad1 $146 {[%cal Rd1d8]} (20. Re4 {is more complex.} Rc8 21. c4 Rbc7 22. Rb1 Rc6 23. Kf1) ({Predecessor:} 20. Red1 Rc8 {½-½ (29) Macieja,B (2615)-Ivanchuk,V (2709) Bled 2002}) 20... Rc8 21. Re3 h6 22. gxh6 gxh6 23. Kf1 Rbc7 24. Rdd3 Rc4 25. Ke2 Ra4 26. Kd2 b5 27. Rd7 Rxa2 28. Re4 {Black should prevent Rg4+.} Rc4 29. Rxc4 bxc4 {KR-KR} 30. Rc7 Ra4 31. g4 Kg7 32. f4 Kg6 33. Rc6 h5 34. f5+ Kg5 $1 35. fxe6 fxe6 36. gxh5 Kf5 $1 37. Kc1 Kxe5 38. Kb2 {Threatens to win with h6.} Kf6 $1 39. Rc5 Kg7 40. Rg5+ Kh6 $2 (40... Kh7 $1 $14) 41. Re5 $18 a5 $2 (41... Kh7 $18 42. Rxe6 Ra5) 42. Rc5 Kg7 {[#]} 43. Rb5 $2 (43. Rg5+ $1 {mates} Kh7 44. Rg6 e5 45. Re6 Kg7 46. Rxe5 Kh7 47. Re6 Kg8 {[#]} 48. Ra6 $1 {[%mdl 512]}) 43... Kf6 $1 $11 44. Rc5 e5 $2 {[%mdl 8192]} (44... Kg7 $11 45. Rg5+ Kh8) 45. Rc6+ {Accuracy: White = 63%, Black = 51%.} 1-0

[Event "Nordic Chess-ch 2019"]
[Site "Sarpsborg"]
[Date "2019.06.26"]
[Round "8.3"]
[White "Getz, Nicolai"]
[Black "Notkevich, Benjamin Arvola"]
[Result "*"]
[WhiteElo "2380"]
[BlackElo "2485"]
[Annotator "TA"]
[PlyCount "31"]
[EventDate "2019.06.21"]
[EventType "swiss"]
[EventCountry "NOR"]
[SourceTitle "playchess.com"]
[Source "ChessBase"]
[SourceQuality "1"]

{[%evp 19,31,13,12,-3,24,0,0,-13,0,0,0,0,0,0]} 1. Nf3 c5 2. b3 d6 3. e3 Nf6 4. d4 cxd4 5. exd4 e6 6. Bd3 Be7 7. O-O O-O 8. c4 b6 9. Bb2 Bb7 10. Nbd2 {[%cal Bb1d2,Bd2f3,Bf3e5][%mdl 32]} Nbd7 11. a4 {E14: Queen's Indian: Classical Variation (4 e3)} d5 $146 ({Predecessor:} 11... a5 12. Qe2 Rc8 13. Rfe1 Rc7 14. d5 e5 15. Rad1 Nc5 16. Bc2 g6 17. Nb1 Nh5 18. Nc3 Bf6 {0-1 (48) Du,S (2399)-Wang,Y (2656) Shandong 2007}) 12. Qe2 Bb4 {The position is equal.} 13. Ne5 Rc8 14. Ndf3 Nxe5 15. Nxe5 Qe7 16. Rfc1 *

[Event "Nordic Chess-ch 2019"]
[Site "Sarpsborg"]
[Date "2019.06.26"]
[Round "8.4"]
[White "Holm, Kristian Stuvik"]
[Black "Gretarsson, Helgi Ass"]
[Result "*"]
[WhiteElo "2474"]
[BlackElo "2433"]
[Annotator "TA"]
[PlyCount "24"]
[EventDate "2019.06.21"]
[EventType "swiss"]
[EventCountry "NOR"]
[SourceTitle "playchess.com"]
[Source "ChessBase"]
[SourceQuality "1"]

{[%evp 10,24,66,79,99,91,102,77,100,84,147,125,143,129,164,132,223]} 1. d4 g6 2. e4 Bg7 3. c4 d6 4. Nc3 c5 5. d5 Bxc3+ 6. bxc3 f5 {A43: Schmid Benoni} (6... Nf6 7. Qc2 e5 8. g3 Qe7 9. h4 Nbd7 10. Bg5 h6 11. Bd2 Nb6 12. Bd3 Bd7 13. Qc1 Qf8 14. f3 {½-½ (58) Omar,N (2356)-Kuybokarov,T (2519) Sharjah 2019}) 7. exf5 Bxf5 8. Ne2 Qa5 {White is better.} 9. Ng3 Nf6 $146 ({Black should play} 9... Qxc3+ 10. Bd2 Qd4) ({Predecessor:} 9... Bd7 10. Qd3 Na6 11. Be2 O-O-O 12. O-O Nf6 13. Bg5 Nc7 {0-1 (50) Dizdar,O (1920)-Erden,K (2213) Canakkale 2013}) 10. Nxf5 $16 gxf5 11. Qc2 Nbd7 12. Bd3 b5 (12... Ne5 $16 {keeps fighting.}) *

[Event "Nordic Chess-ch 2019"]
[Site "Sarpsborg"]
[Date "2019.06.26"]
[Round "8.5"]
[White "Vestby-Ellingsen, Mads"]
[Black "Ingebretsen, Jens E"]
[Result "*"]
[WhiteElo "2345"]
[BlackElo "2263"]
[Annotator "TA"]
[PlyCount "27"]
[EventDate "2019.06.21"]
[EventType "swiss"]
[EventCountry "NOR"]
[SourceTitle "playchess.com"]
[Source "ChessBase"]
[SourceQuality "1"]

{[%evp 23,27,49,72,24,31,29]} 1. Nf3 d5 2. e3 Nf6 3. c4 e6 4. b3 Be7 5. Nc3 O-O 6. Bb2 b6 7. cxd5 exd5 8. d4 c5 9. Be2 Nc6 10. O-O Bb7 11. dxc5 bxc5 12. Rc1 Rc8 13. Qd3 $146 {A13: English Opening: 1...e6} ({Predecessor:} 13. Na4 Ne4 14. Nd2 Qa5 15. Nxe4 dxe4 16. Qd7 Qc7 17. Qxc7 Rxc7 18. Nxc5 Nb4 19. Nxb7 Rxb7 20. Rc4 Nxa2 {1-0 (51) Vila Gazquez,X (2475)-Fluvia Poyatos,J (2475) Barcelona 2019}) 13... Nb4 14. Qb1 *

[Event "Nordic Chess-ch 2019"]
[Site "Sarpsborg"]
[Date "2019.06.26"]
[Round "8.6"]
[White "Chatalbashev, Boris"]
[Black "Cederstam Barsk, Carl"]
[Result "*"]
[WhiteElo "2527"]
[BlackElo "2334"]
[Annotator "TA"]
[PlyCount "35"]
[EventDate "2019.06.21"]
[EventType "swiss"]
[EventCountry "NOR"]
[SourceTitle "playchess.com"]
[Source "ChessBase"]
[SourceQuality "1"]

{[%evp 21,35,21,26,18,16,16,30,29,29,32,46,31,33,2,44,45]} 1. d4 d5 2. c4 e6 3. Nc3 Nf6 4. cxd5 exd5 5. Bg5 c6 6. e3 Be7 7. Bd3 Nbd7 8. Qc2 h6 9. Bh4 Nh5 10. Bxe7 Qxe7 11. Nge2 Nb6 12. O-O {D36: Queen's Gambit Declined: Exchange Variation: Main line (5 Bg5 c6 6 Qc2)} O-O 13. Rae1 Bd7 (13... Be6 14. Nc1 Rad8 15. Nb3 Rfe8 16. Nc5 Bc8 17. b4 Nc4 18. Qe2 Qg5 19. f4 Qh4 20. Bxc4 dxc4 {0-1 (37) Navara,D (2724)-Adams,M (2740) Biel 2015}) 14. Nc1 {White has an edge.} Rae8 15. Nb3 Qg5 16. Nc5 $146 ({Predecessor:} 16. f4 Qh4 17. f5 Nf6 18. Qf2 Qxf2+ 19. Rxf2 Nc8 {½-½ (48) Szwed,J (2387)-Anagnostopoulos,K (2345) Heraklion 2019}) 16... Bc8 17. b4 a6 18. a4 *

[Event "Nordic Chess-ch 2019"]
[Site "Sarpsborg"]
[Date "2019.06.26"]
[Round "8.7"]
[White "Lindgren, Philip"]
[Black "Blauhut, Holger"]
[Result "*"]
[WhiteElo "2384"]
[BlackElo "2041"]
[Annotator "TA"]
[PlyCount "26"]
[EventDate "2019.06.21"]
[EventType "swiss"]
[EventCountry "NOR"]
[SourceTitle "playchess.com"]
[Source "ChessBase"]
[SourceQuality "1"]

{[%evp 9,26,6,19,25,18,11,37,18,22,8,33,26,30,-24,-8,-32,-15,-36,9]} 1. d4 d5 2. c4 e6 3. Nf3 Nf6 4. g3 Bb4+ 5. Bd2 Bd6 (5... Be7 6. Bg2 O-O 7. O-O Nbd7 8. Qc2 c6 9. Rc1 b6 10. cxd5 cxd5 11. Qd1 Bb7 12. a3 a6 13. Bf4 Rc8 14. Nbd2 Rxc1 15. Rxc1 Qa8 16. Ne5 Nxe5 17. Bxe5 {½-½ (41) Mamedyarov,S (2790)-Radjabov,T (2756) Shamkir 2019}) 6. Qc2 {E01: Catalan: Early deviations} O-O 7. Nc3 Nbd7 8. c5 {White is slightly better.} Be7 9. b4 c6 10. Rd1 $146 ({Predecessor:} 10. Bg2 a5 11. b5 e5 12. dxe5 Ng4 {1-0 (35) Marin,M (2572)-Gonzalez Vidal,Y (2553) Baku 2016}) 10... Re8 11. e4 (11. a3 $142) 11... dxe4 12. Nxe4 Nxe4 13. Qxe4 Nf6 *

[Event "Nordic Chess-ch 2019"]
[Site "Sarpsborg"]
[Date "2019.06.26"]
[Round "8.8"]
[White "Haugli, Petter"]
[Black "Dragicevic, Drazen"]
[Result "*"]
[WhiteElo "2223"]
[BlackElo "2359"]
[Annotator "TA"]
[PlyCount "36"]
[EventDate "2019.06.21"]
[EventType "swiss"]
[EventCountry "NOR"]
[SourceTitle "playchess.com"]
[Source "ChessBase"]
[SourceQuality "1"]

{[%evp 19,26,0,7,12,0,15,2,18,31]} 1. c4 c5 2. Nc3 Nc6 3. g3 g6 4. Bg2 Bg7 5. Nf3 d6 6. O-O e5 7. a3 a5 8. Ne1 Be6 9. d3 Nge7 10. Nc2 d5 {The position is equal.} 11. cxd5 {A37: Symmetrical English vs ...g6: 4 Bg2 Bg7 5 Nf3} Nxd5 12. Ne3 {[%cal Re3d5]} Nde7 13. Nc4 O-O {[#]} {Predecessor:} 14. Bg5 $146 f6 15. Be3 b6 16. Qa4 Qc7 17. f4 Rac8 18. Nb5 Qb8 {½-½ (64) Dvirnyy,D (2568)-Wang,H (2733) Rhodes 2013} *

[Event "Nordic Chess-ch 2019"]
[Site "Sarpsborg"]
[Date "2019.06.26"]
[Round "8.9"]
[White "Wahlund, Max"]
[Black "Ogaard, Leif"]
[Result "*"]
[WhiteElo "2103"]
[BlackElo "2385"]
[Annotator "TA"]
[PlyCount "25"]
[EventDate "2019.06.21"]
[EventType "swiss"]
[EventCountry "NOR"]
[SourceTitle "playchess.com"]
[Source "ChessBase"]
[SourceQuality "1"]

{[%evp 14,25,0,-9,11,-9,-12,-12,-2,-4,0,0,22,20]} 1. d4 Nf6 2. c4 e6 3. g3 d5 4. Bg2 Be7 5. Nf3 O-O 6. O-O c5 7. b3 dxc4 8. bxc4 {The position is equal.} Nc6 {[%cal Rc5d4] A14: English Opening: 1...e6 with b3 by White} (8... cxd4 9. Nxd4 Qb6 10. Nb3 Rd8 11. Qc2 Nc6 12. Be3 Qa6 13. N1d2 Bd7 14. Nc5 Bxc5 15. Bxc5 Rac8 16. Rfc1 {0-1 (35) So,W (2788)-Dominguez Perez,L (2739) Saint Louis 2017}) 9. Bb2 Qb6 10. Qb3 Rd8 {[%cal Rc5d4]} 11. dxc5 Bxc5 $146 ({Predecessor:} 11... Qxc5 12. Nbd2 e5 13. Qc2 Bg4 14. Nb3 Qd6 15. h3 Bh5 16. Nh4 {0-1 (30) Trombik,K (2215)-Valek,M Frydek Mistek 1997}) 12. Nc3 Na5 13. Qc2 *

[Event "Nordic Chess-ch 2019"]
[Site "Sarpsborg"]
[Date "2019.06.26"]
[Round "8.11"]
[White "Ernst, Thomas"]
[Black "Gonzalez, Francisco Silva"]
[Result "*"]
[WhiteElo "2342"]
[BlackElo "2095"]
[Annotator "TA"]
[PlyCount "32"]
[EventDate "2019.06.21"]
[EventType "swiss"]
[EventCountry "NOR"]
[SourceTitle "playchess.com"]
[Source "ChessBase"]
[SourceQuality "1"]

{[%evp 14,32,22,18,17,10,16,7,22,7,14,5,24,6,20,2,4,10,14,0,21]} 1. d4 Nf6 2. c4 e6 3. Nc3 Bb4 4. f3 c5 5. d5 O-O 6. e4 d6 7. Nge2 exd5 8. cxd5 Re8 {E20: Nimzo-Indian: 4 g3 and 4 f3} (8... Nh5 9. g4 Qh4+ 10. Kd2 Nf6 11. Qe1 Qxe1+ 12. Kxe1 a6 13. Bf4 Ne8 14. Ng3 g6 15. Be2 Nd7 16. Rg1 {0-1 (52) Flom,G (2515)-Iturrizaga Bonelli,E (2652) Biel 2018}) 9. Ng3 Nbd7 {[%cal Bb8d7,Bd7e5,Be5g6][%mdl 32]} 10. Be2 Ne5 11. O-O a6 12. Bg5 h6 13. Bxf6 $146 ({Predecessor:} 13. Bd2 Bd7 14. Qc1 {1-0 (46) Hughes,T (2295)-Hansen,E (2447) Richardson 2011}) 13... Qxf6 {The position is equal.} 14. f4 Ng6 15. Qc1 Qh4 16. Kh1 Bd7 *

[Event "Nordic Chess-ch 2019"]
[Site "Sarpsborg"]
[Date "2019.06.26"]
[Round "8.12"]
[White "Schouten, Mathias Lind"]
[Black "Hobber, Anders"]
[Result "*"]
[WhiteElo "1967"]
[BlackElo "2282"]
[Annotator "TA"]
[PlyCount "22"]
[EventDate "2019.06.21"]
[EventType "swiss"]
[EventCountry "NOR"]
[SourceTitle "playchess.com"]
[Source "ChessBase"]
[SourceQuality "1"]

{[%evp 9,22,26,41,26,27,26,17,19,41,42,45,29,34,34,50]} 1. e4 g6 2. d4 Bg7 3. Nf3 d6 4. Nc3 a6 5. a4 Nf6 6. Be3 {B06: Modern Defence} Nc6 (6... O-O 7. h3 b6 8. Bd3 Bb7 9. O-O Nc6 10. Qd2 Nb4 11. Bh6 c5 12. d5 Rc8 13. Bxg7 Kxg7 14. Bc4 Rb8 15. Rfe1 Nd7 16. Ne2 a5 17. c3 Na6 {0-1 (41) Ni,H (2671)-Malakhov,V (2686) Riadh 2017}) 7. Be2 O-O 8. O-O Bg4 9. d5 Nb8 10. h3 Bxf3 11. Bxf3 c6 $146 ({Predecessor:} 11... c5 12. e5 Ne8 13. exd6 exd6 {½-½ (44) Caessens,R (2207)-Roobol,M (2330) Netherlands 2008}) *

[Event "Nordic Chess-ch 2019"]
[Site "Sarpsborg"]
[Date "2019.06.26"]
[Round "8.13"]
[White "Vitenberg, Noam Aviv"]
[Black "Rishovd, Svein"]
[Result "*"]
[WhiteElo "2256"]
[BlackElo "2113"]
[Annotator "TA"]
[PlyCount "29"]
[EventDate "2019.06.21"]
[EventType "swiss"]
[EventCountry "NOR"]
[SourceTitle "playchess.com"]
[Source "ChessBase"]
[SourceQuality "1"]

{[%evp 11,29,31,33,31,23,23,41,31,30,31,35,29,28,39,41,19,23,17,25,37]} 1. d4 d5 2. c4 dxc4 3. e3 e5 4. Bxc4 exd4 5. exd4 Bd6 6. Nf3 Nf6 7. Qe2+ {D20: Queen's Gambit Accepted: 3 e3 and 3 e4} Qe7 8. Qxe7+ Bxe7 9. O-O {White is slightly better.} Nbd7 10. Re1 Nb6 11. Bb3 Nfd5 12. Nc3 c6 13. Re2 $146 ({Predecessor:} 13. a4 a5 14. Bd2 Be6 {½-½ (29) L'Ami,E (2605)-Xiong,J (2667) Wijk aan Zee 2017}) 13... Be6 14. Bg5 h6 15. Bxe7 *